[Event "Erfurt op-A 29th"]
[Site "Erfurt"]
[Date "2019.12.27"]
[Round "3"]
[White "Wiley, Tom E"]
[Black "Grohmann, Alexander"]
[Result "1-0"]
[WhiteElo "2159"]
[BlackElo "1980"]
[PlyCount "53"]
[EventDate "2019.12.26"]
[EventType "swiss"]
[EventRounds "8"]
[EventCountry "GER"]
[SourceTitle "CBM 194 Extra"]
[Source "ChessBase"]
[SourceDate "2020.03.31"]
[SourceVersion "1"]
[SourceVersionDate "2020.03.31"]
[SourceQuality "1"]

1. d4 d5 2. c4 e6 3. Nc3 Be7 4. Nf3 Nf6 5. Bf4 0-0 6. e3 b6 7. a3 Bb7 8. cxd5 Nxd5 9. Nxd5 Bxd5 10. Bd3 c5 11. e4 Bb7 12. dxc5 Bxc5 13. 0-0 Nc6 14. e5 g6 15. Be4 a5 16. Bg5 Be7 17. Qxd8 Bxd8 18. Bh6 Be7 19. Bxf8 Kxf8 20. Rac1 Nd8 21. Bxb7 Nxb7 22. Rc6 Bc5 23. Rc7 Nd8 24. Rd1 h6 25. Rdd7 Ke8 26. Kf1 Rc8 27. Rxf7 1-0

[Event "Wiesbaden op 31st"]
[Site "Wiesbaden"]
[Date "2019.08.24"]
[Round "5"]
[White "Grohmann, Alexander"]
[Black "Hipler, Andreas"]
[Result "1/2-1/2"]
[WhiteElo "2003"]
[BlackElo "1801"]
[PlyCount "41"]
[EventDate "2019.08.22"]
[EventType "swiss"]
[EventRounds "7"]
[EventCountry "GER"]
[SourceTitle "EXT 2020"]
[Source "ChessBase"]
[SourceDate "2019.10.17"]
[SourceVersion "1"]
[SourceVersionDate "2019.10.17"]
[SourceQuality "1"]

1. b3 Nf6 2. Bb2 g6 3. Nf3 Bg7 4. d4 0-0 5. e3 d5 6. Bd3 Ne4 7. Nbd2 f5 8. Qe2 c5 9. 0-0 Nc6 10. c4 Be6 11. cxd5 Bxd5 12. Bxe4 fxe4 13. Ne5 Nxe5 14. dxe5 e6 15. Qg4 Rf5 16. f4 exf3 17. Nxf3 Bxf3 18. Rxf3 Qd2 19. Ba3 Rxe5 20. Raf1 b6 21. R1f2 1/2-1/2

[Event "GER-chT U20"]
[Site "Osnabrueck"]
[Date "2018.12.27"]
[Round "2.1"]
[White "Sieber, Fiona"]
[Black "Grohmann, Alexander"]
[Result "1-0"]
[WhiteElo "2262"]
[BlackElo "1985"]
[PlyCount "71"]
[EventDate "2018.12.27"]
[EventType "team-swiss"]
[EventRounds "7"]
[EventCountry "GER"]
[SourceTitle "CBM 188 Extra"]
[Source "ChessBase"]
[SourceDate "2019.02.26"]
[SourceVersion "1"]
[SourceVersionDate "2019.02.26"]
[SourceQuality "1"]
[WhiteTeam "Magdeburg Aufbau Elbe"]
[BlackTeam "Hoyerswerda"]
[WhiteTeamCountry "GER"]
[BlackTeamCountry "GER"]

1. e4 c5 2. Nf3 d6 3. d4 cxd4 4. Nxd4 Nf6 5. Nc3 a6 6. Be3 e5 7. Nb3 Be7 8. f3 Be6 9. Qd2 0-0 10. 0-0-0 a5 11. a4 Na6 12. g4 Nb4 13. Kb1 d5 14. g5 Ne8 15. Nxd5 Bxd5 16. exd5 Nd6 17. h4 Qb8 18. Nc5 Rd8 19. c3 Nxd5 20. Bd3 Nxe3 21. Qxe3 b5 22. Qxe5 Bf8 23. Ne4 bxa4 24. Nxd6 Bxd6 25. Qe4 g6 26. Qxa4 Ra7 27. Be4 Rad7 28. Rd4 Rc7 29. Rhd1 Rcc8 30. Ka2 Bg3 31. Bd5 Be5 32. R4d2 Qc7 33. f4 Bg7 34. h5 Qe7 35. Kb1 Rb8 36. Bxf7+ 1-0

[Event "GER-ch U25-A"]
[Site "Willingen"]
[Date "2016.05.18"]
[Round "6"]
[White "Grohmann, Alexander"]
[Black "Isler, Benjamin"]
[Result "1-0"]
[WhiteElo "1801"]
[BlackElo "1700"]
[PlyCount "59"]
[EventDate "2016.05.15"]
[EventType "swiss"]
[EventRounds "9"]
[EventCountry "GER"]
[SourceTitle "CBM 172 Extra"]
[Source "ChessBase"]
[SourceDate "2016.06.21"]
[SourceVersion "1"]
[SourceVersionDate "2016.06.21"]
[SourceQuality "1"]

1. e4 e5 2. Nf3 Nc6 3. Bc4 Nf6 4. d3 Bc5 5. c3 a6 6. Nbd2 d6 7. Bb3 Be6 8. Bc2 0-0 9. h3 b5 10. Nf1 d5 11. Ng3 dxe4 12. dxe4 Qxd1+ 13. Bxd1 Rad8 14. 0-0 Rd6 15. b4 Ba7 16. Be2 Nd7 17. a4 Rb8 18. axb5 axb5 19. Bb2 Rb7 20. Ra3 Bb8 21. Rfa1 f6 22. Bc1 Na7 23. Be3 Nb6 24. Bc5 Rd8 25. Ra6 Na4 26. Bxa7 Bxa7 27. Rxe6 Ra8 28. Rc1 Kf7 29. Rc6 Ke8 30. c4 1-0

[Event "GER-chT U16"]
[Site "Lingen"]
[Date "2015.12.30"]
[Round "7.1"]
[White "Grohmann, Alexander"]
[Black "Gschnitzer, Adrian"]
[Result "0-1"]
[WhiteElo "1692"]
[BlackElo "2115"]
[PlyCount "52"]
[EventDate "2015.12.27"]
[EventType "team-swiss"]
[EventRounds "7"]
[EventCountry "GER"]
[SourceTitle "EXT 2017"]
[Source "ChessBase"]
[SourceDate "2016.10.25"]
[SourceVersion "1"]
[SourceVersionDate "2016.10.25"]
[SourceQuality "1"]
[WhiteTeam "Hoyerswerda"]
[BlackTeam "Walldorf"]
[WhiteTeamCountry "GER"]
[BlackTeamCountry "GER"]

1. d4 d5 2. c4 e6 3. Nc3 Nf6 4. cxd5 exd5 5. Bg5 Nbd7 6. e3 c6 7. Qc2 Be7 8. Bd3 Nh5 9. Bxe7 Qxe7 10. Nf3 Nf4 11. 0-0 Nxd3 12. Qxd3 0-0 13. a3 Nb6 14. Nd2 Re8 15. b4 a6 16. Rfb1 Qg5 17. Rb2 Bf5 18. Qe2 Re6 19. Qf3 Rae8 20. a4 h5 21. b5 axb5 22. axb5 Bg4 23. Qg3 h4 24. Qf4 Qxf4 25. exf4 Nc4 26. f5 Re1+ 0-1

[Event "GER-chT U16"]
[Site "Lingen"]
[Date "2015.12.28"]
[Round "4.1"]
[White "Grohmann, Alexander"]
[Black "Rieper, Julian"]
[Result "1/2-1/2"]
[WhiteElo "1692"]
[BlackElo "1983"]
[PlyCount "55"]
[EventDate "2015.12.27"]
[EventType "team-swiss"]
[EventRounds "7"]
[EventCountry "GER"]
[SourceTitle "EXT 2017"]
[Source "ChessBase"]
[SourceDate "2016.10.25"]
[SourceVersion "1"]
[SourceVersionDate "2016.10.25"]
[SourceQuality "1"]
[WhiteTeam "Hoyerswerda"]
[BlackTeam "Kiel Doppelbauer"]
[WhiteTeamCountry "GER"]
[BlackTeamCountry "GER"]

1. d4 Nf6 2. c4 e6 3. Nf3 Bb4+ 4. Bd2 Bxd2+ 5. Nbxd2 d5 6. e3 0-0 7. Qc2 Nbd7 8. Bd3 a6 9. a4 dxc4 10. Nxc4 b6 11. 0-0 c5 12. Nd6 Qe7 13. Nxc8 Rfxc8 14. Qe2 a5 15. Rfc1 e5 16. dxe5 Nxe5 17. Nxe5 Qxe5 18. Rd1 Rd8 19. Rd2 g6 20. Rad1 Kg7 21. h3 Ra7 22. Bc4 Rxd2 23. Rxd2 Ne4 24. Rd5 Qe7 25. Qd3 Nf6 26. Rd6 Rd7 27. Rxd7 Nxd7 28. Qc3+ 1/2-1/2

[Event "GER-chT U16"]
[Site "Lingen"]
[Date "2015.12.27"]
[Round "2.1"]
[White "Grohmann, Alexander"]
[Black "Oberhofer, Cedric"]
[Result "1/2-1/2"]
[WhiteElo "1692"]
[BlackElo "2075"]
[PlyCount "143"]
[EventDate "2015.12.27"]
[EventType "team-swiss"]
[EventRounds "7"]
[EventCountry "GER"]
[SourceTitle "EXT 2017"]
[Source "ChessBase"]
[SourceDate "2016.10.25"]
[SourceVersion "1"]
[SourceVersionDate "2016.10.25"]
[SourceQuality "1"]
[WhiteTeam "Hoyerswerda"]
[BlackTeam "Regensburg Bavaria"]
[WhiteTeamCountry "GER"]
[BlackTeamCountry "GER"]

1. d4 Nf6 2. Nf3 g6 3. c4 Bg7 4. Nc3 d5 5. g3 0-0 6. Bg2 c5 7. dxc5 dxc4 8. 0-0 Qc7 9. Qa4 Qxc5 10. Be3 Qh5 11. Qxc4 Nc6 12. Qh4 Qxh4 13. Nxh4 Be6 14. Rfd1 Ng4 15. Be4 Nge5 16. Nd5 Bxd5 17. Bxd5 Rfd8 18. Rac1 e6 19. Bg2 Rxd1+ 20. Rxd1 Rd8 21. Rxd8+ Nxd8 22. Bxa7 Nec6 23. Bb6 Bxb2 24. Nf3 e5 25. Ng5 Bd4 26. Bc7 h6 27. Ne4 Ne6 28. Bd6 f5 29. Nd2 e4 30. e3 Bc5 31. Bxc5 Nxc5 32. Bf1 Ne5 33. Nc4 Nxc4 34. Bxc4+ Kg7 35. Kf1 Kf6 36. Ke1 Ke5 37. h4 g5 38. hxg5 hxg5 39. Kd2 f4 40. gxf4+ gxf4 41. exf4+ Kxf4 42. Ke2 Nd7 43. Bd5 b6 44. Bc4 Ne5 45. Bb5 Nf3 46. Bc4 Ke5 47. Ke3 Nd4 48. Bf7 Nf5+ 49. Kd2 Kd4 50. Be6 Nd6 51. Bb3 Nb7 52. Bf7 Nc5 53. Bg8 Nd3 54. Ke2 Nf4+ 55. Kd2 Nh5 56. Bf7 Ng7 57. Bb3 Nh5 58. Bg8 Nf6 59. Bf7 Ke5 60. Ke3 Ng4+ 61. Ke2 Kf4 62. Bb3 Ne5 63. Be6 Nf3 64. Bf7 Nd4+ 65. Ke1 e3 66. fxe3+ Kxe3 67. Kd1 Kd3 68. Kc1 Kc3 69. Be8 Ne6 70. Bd7 Nc5 71. Be8 Nd3+ 72. Kb1 1/2-1/2